| 000 | 00475nam a2200157Ia 4500 | ||
|---|---|---|---|
| 008 | 230917s9999||||xx |||||||||||||| ||und|| | ||
| 020 | _cPON8 | ||
| 040 |
_e18596 _aMAIN |
||
| 041 | _aEnglish | ||
| 082 | _a519.5 G346P | ||
| 100 | _aGhosh, A | ||
| 245 | 0 | _aProgramming and interregional input-output analysis: An application to the problem of industrial location in India | |
| 260 |
_aCambridge _bCambridge University Press _c1973 |
||
| 300 | _aviii, 104 p. | ||
| 942 | _cBK | ||
| 999 |
_c201837 _d201837 |
||